Statistiques concernant De droite ou de gauche? - Clic Quiz #1

Cliquez ici pour prendre le quiz!

Statistiques générales

  • Ce quiz a été pris 2 638 fois
  • Le résultat moyen est 12 sur 15

Statistiques - réponses

HintRéponse% Correct
MonacoDroite
95%
Les dreadlocksGauche
94%
CNewsDroite
92%
Le tennisDroite
92%
La chemiseDroite
91%
Le wokismeGauche
87%
Le Printemps des PeuplesGauche
83%
Alain JuppéDroite
82%
RadioheadGauche
82%
QuotidienGauche
77%
Le trainGauche
73%
France CultureGauche
71%
Le Puy du FouDroite
70%
MetternichDroite
61%
George ClemenceauGauche
49%

Distribution des résultats

Percentile par nombre de réponses

% des personnes avec chaque résultat

Votre développement - résultats

Vous n’avez pas pris ce quiz